000 01281nmc a2200421 a 4500
003 AR-BaBNM
005 20251128204542.0
008 016119s1993 ||||||||||||||000 | spa||
020 _a958-04-1749-7
040 _cAR-BaBNM
100 1 _aPoe, Edgar Allan
245 1 0 _aEl gato negro y otros cuentos
_b; A propósito de Edgar Allan Poe y su obra
250 _a1ª ed.
260 _aBogotá
_bNorma
_c1993
300 0 _ap. irreg.
490 0 _aCara y cruz
500 1 _aContiene referencias de Stéphne Mallarmé, Charles Baudelaire y Jorge Alberto Naranjo Mesa sobre la obra de E.A. Poe
504 _aBibliografía en p. 67
505 _tEl pozo y el péndulo
505 _tLa máscara de la muerte roja
505 _tEl gato negro
505 _tLos asesinatos de la Rue Morgue
505 _tLa carta robada
505 _tLa caída de la casa de Usher
650 4 _aCUENTOS
650 4 _aESCRITORES
650 4 _aLITERATURA ESTADOUNIDENSE
650 4 _aANTOLOGIAS
650 4 _aROMANTICISMO
650 4 _aSIGLO DIECINUEVE
650 4 _aCUENTO [FORMA Y GENERO LITERARIO]
653 0 _aCUENTOS DE MISTERIO
653 0 _aCUENTO POLICIAL
655 _aLITERATURA
700 1 _aEscobar Isaza, Javier
_etraductor
942 _cBK
998 _cMARTIN
999 _c7895
_d7895